000 00777cam a2200229 4500
001 ABS62815
008 000000n2000 000 0 eng u
035 _a(Sirsi) u108584
100 _aChynoweth, P.
245 _aUnnecessary inconvenience and compensation within the party wall legislation
260 _c2000
490 _aStructural Survey
_v18(2) September 2000, 99-104(6)
520 _aExamines the obligations of building owners to avoid unnecessary inconvenience and to pay compensation for loss and damage within the Party Wall etc Act 1996.
590 _aABS
650 _aPARTY WALL ETC ACT 1996
650 _aCOMPENSATION
650 _aDAMAGE
650 _aParty walls
_96258
650 _aSURVEYORS
690 _aBoundary disputes
_96221
942 _n0
999 _c64820
_d64820